000 00708nas a2200241 4500
001 BR2012008287
003 BR-BrBNA
005 20231205121419.0
007 ta
008 230509b bl.|||p| |||| 00| 00por d
040 _aBR-BrBNA
_bpor
_cBiblioteca Nacional de Agricultura
041 _a(Pt)
072 _aF08; F30
100 1 _aAnon.
245 1 _aFeijões Mungo e Adzuki: novidades à vista na mesa
650 _aFEIJÃO MUNGO
650 _aFEIJÃO ADZUKI
650 _aAGRICULTURA ORGÂNICA
650 _aVARIEDADE RESISTENTE
773 0 _tO Agronômico (Brazil)
_xISSN 0365-2726
_g(Dez 1998), v. 47-50 p. 70
_wBR2012008287
909 _a202311
_bLúcia
_c55
_dLúcia Elande
942 _2AGRIS
_n0
_cANA
999 _c223445
_d223445